Statystyki dla Co to za kraj po stolicy

Kliknij tutaj aby rozwiązać quiz!

Ogólne statystyki

  • Ten quiz został rozwiązany 51 razy
  • Średni wynik to 7 z 15

Statystyki odpowiedzi

HintOdpowiadać% Poprawnych
Budapeszt Węgry
96%
BukaresztRumunia
91%
PodgoricaCzarnogóra
84%
ValettaMalta
71%
TbilisiGruzja
56%
LimaPeru
56%
HanoiWietnam
53%
jakartaIndonezja
44%
San joseKostaryka
33%
Biszkek Kirgistan
29%
ManaguaNikaragua
27%
DakaBangladesz
24%
TegucigalpaHonduras
24%
VientianeLaos
24%
NiameyNiger
24%

Rozkład punktacji

Percentyl według liczby udzielonych odpowiedzi

Procent ludzi z każdym wynikiem

Twoja historia wyników

Nie rozwiązałeś tego quizu